In welchem Wiener Bezirk ist das? - Statistiken

Allgemein
  • Dieses Quiz wurde 197 mal gespielt
  • Das Durchschnittsergebnis liegt bei 23 aus 40
Antwortstatistiken
Objekt Bezirk % Korrekt
Stephansdom Innere Stadt
96%
Riesenrad Leopoldstadt
92%
Schloss Schönbrunn Hietzing
88%
Hofburg Innere Stadt
84%
Vienna International Centre Donaustadt
77%
Kurpark Oberlaa Favoriten
77%
Haus des Meeres Mariahilf
77%
Zentralfriedhof Simmering
76%
Allgemeines Krankenhaus Alsergrund
75%
Lobau Donaustadt
75%
Karlskirche Wieden
75%
Bahnhof Wien Mitte Landstraße
72%
Schloss Belvedere Landstraße
70%
Volkstheater Neubau
70%
Kahlenberg Döbling
69%
Gasometer Simmering
68%
Westbahnhof Rudolfsheim-Fünfhaus
66%
Votivkirche Alsergrund
65%
Gänsehäufel Donaustadt
65%
Lainzer Tiergarten Hietzing
65%
Augarten Leopoldstadt
63%
Türkenschanzpark Währing
62%
Millennium Tower Brigittenau
61%
Karl-Marx-Hof Döbling
61%
MuseumsQuartier Neubau
61%
Großfeldsiedlung Floridsdorf
59%
Böhmischer Prater Favoriten
50%
Am Spitz Floridsdorf
50%
Amalienbad Favoriten
48%
Islamisches Zentrum Floridsdorf
48%
Kirche am Steinhof Penzing
45%
Technisches Museum Penzing
42%
Flex Innere Stadt
39%
Spinnerin am Kreuz Favoriten
37%
Café Hummel Josefstadt
26%
Strudelhofstiege Alsergrund
23%
Wotrubakirche Liesing
21%
Franz-von-Assisi-Kirche Leopoldstadt
17%
Kunst Haus Wien Landstraße
13%
Maria vom Siege Rudolfsheim-Fünfhaus
10%
Keine übereinstimmenden Quizze gefunden
Verteilung der Resultate
Anzahl Personen mit jedem Resultat
Perzentil nach korrekt beantworteten Fragen
Ihre Resultats-Entwicklung
Sie haben dieses Quiz noch nicht gespielt